|
|
|
|
| LEADER |
01250nam a2200349Ia 4500 |
| 001 |
EBC256866 |
| 003 |
MiAaPQ |
| 005 |
20200520144314.0 |
| 006 |
m o d | |
| 007 |
cr cn||||||||| |
| 008 |
820326s1991 enk sb 001 0 eng d |
| 010 |
|
|
|z 81005345
|
| 020 |
|
|
|z 0415066042
|
| 035 |
|
|
|a (MiAaPQ)EBC256866
|
| 035 |
|
|
|a (Au-PeEL)EBL256866
|
| 035 |
|
|
|a (CaPaEBR)ebr10016992
|
| 035 |
|
|
|a (CaONFJC)MIL11166
|
| 035 |
|
|
|a (OCoLC)935231475
|
| 040 |
|
|
|a MiAaPQ
|c MiAaPQ
|d MiAaPQ
|
| 050 |
|
4 |
|a HD2326
|b .S27 1991
|
| 100 |
1 |
|
|a Sawyer, Malcolm C.
|
| 245 |
1 |
4 |
|a The economics of industries and firms
|h [electronic resource] :
|b theories, evidence, and policy /
|c Malcolm C. Sawyer.
|
| 250 |
|
|
|a 2nd ed.
|
| 260 |
|
|
|a London :
|b Routledge,
|c 1991.
|
| 300 |
|
|
|a ix, 322 p.
|
| 504 |
|
|
|a Includes bibliography and indexes.
|
| 533 |
|
|
|a Electronic reproduction. Ann Arbor, MI : ProQuest, 2015. Available via World Wide Web. Access may be limited to ProQuest affiliated libraries.
|
| 650 |
|
0 |
|a Industrial organization (Economic theory)
|
| 650 |
|
0 |
|a Business enterprises.
|
| 655 |
|
4 |
|a Electronic books.
|
| 710 |
2 |
|
|a ProQuest (Firm)
|
| 856 |
4 |
0 |
|u https://ebookcentral.proquest.com/lib/matrademy/detail.action?docID=256866
|z Click to View
|